Industrial relations in transition : The cases of Japan and the Federal Republic of Germany

保存先:
書誌詳細
フォーマット: 図書
言語:Undetermined
出版事項: Tokyo University of Tokyo Press 1984
主題:
タグ: タグ追加
タグなし, このレコードへの初めてのタグを付けませんか!
Thư viện lưu trữ: Trung tâm Học liệu Trường Đại học Cần Thơ
LEADER 00562nam a2200181Ia 4500
001 CTU_77703
008 210402s9999 xx 000 0 und d
082 |a 331.0943 
082 |b I.42 
245 0 |a Industrial relations in transition : 
245 4 |b The cases of Japan and the Federal Republic of Germany 
245 0 |c Edited by Tokunaga Shigeyoshi, Joachim Bergmann 
260 |a Tokyo 
260 |b University of Tokyo Press 
260 |c 1984 
650 |a Industrial relations 
650 |z Japan 
980 |a Trung tâm Học liệu Trường Đại học Cần Thơ